000 00634nam a2200205Ia 4500
005 20250326145602.0
008 250326s9999 xx 000 0 und d
037 _aTextbook
040 _aFMSL
_beng
_cFMSL
041 _aeng
_2eng
084 _aX:(B28) Q7
_qFMSL
100 _aChursin A
_9751428
245 0 _aInnovation as a Basis for Competitiveness; Innovation as a basis for competitiveness
_cChursin A; Vlasov Y
260 _aUnited Kingdom
_bUnited Kingdom, Springer
_c2017
300 _a336p
365 _b9364.7900000000009
650 _aManagement
942 _cTB
_hX:(B28) Q7
999 _c1308088
_d1308088